20. výročie partnerstva medzi Kaufmännische Schulen Offenburg a Gymnáziom Gelnica

Bibliographic Details
Main Author: Imrichová, R. (Author)
Format: Article
Language:Slovak
PhysicalDescription:Fotogr.
Subjects:

MARC

LEADER 00000nab a2200000 ar4500
001 vtls010603124
003 SK-MaSNL
005 20260426102441.0
008 140612c2012 xo mr|p|||||||000 b|slo
038 |a SNSK 
040 |b slo  |c SNSK  |e AACR2 
041 |a slo 
044 |a xo  |c SK 
080 |a 373.54  |x (437.6+430)  |2 2001 
100 1 |a Imrichová, R.  |4 aut  |9 1037691 
245 1 0 |a 20. výročie partnerstva medzi Kaufmännische Schulen Offenburg a Gymnáziom Gelnica  |c R. Imrichová 
300 |b Fotogr. 
610 2 7 |a Gymnázium (Gelnica, Slovensko)  |2 snsk  |9 107319 
610 2 7 |a Kaufmännische Schulen (Offenburg, Nemecko)  |2 snsk  |9 1589033 
650 0 7 |a družobné vzťahy  |2 snsk  |9 402208 
650 0 7 |a 20. výročie vzniku  |2 snsk  |9 1027707 
651 7 |a Gelnica (Slovensko)  |2 snsk  |9 16801 
651 7 |a Offenburg (Nemecko)  |2 snsk  |9 59166 
651 7 |a Slovensko  |2 snsk  |9 14231 
651 7 |a Nemecko  |2 snsk  |9 21020 
773 0 |t Gelničan. Mesačník občanov Gelnice  |g Roč. XXI., č. 9-10 (2012), s. 15 
852 |a SNSK  |b KIS3GCP 
958 |a SK 
958 |a DE 
999 |c 3256483  |d 3258413